| 000 | 00460 a2200169 4500 | ||
|---|---|---|---|
| 999 |
_c4560 _d4560 |
||
| 020 | _a094993223 | ||
| 050 | _aPR9390.9 MAR 1990 | ||
| 100 |
_aMarechera, Dambudzo _eauthor |
||
| 245 |
_aThe House of Hunger _cDambudzo Marechera |
||
| 264 |
_aLondon : _bHeinemann Educational, _c1990 |
||
| 300 | _a152p. : | ||
| 440 | _aZPH Writers Series | ||
| 500 | _aNovel | ||
| 650 | _aHouse of hunger | ||
| 651 | _aZimbabwe -- Fiction | ||
| 942 |
_2lcc _cBK _h9390.9 _iMAR _kPR |
||